00770 2200277 4500001002100000005001500021035002000036007000300056008004100059082001200100084001400112100002400126245009200150260003700242300003800279500002700317500001100344650002800355040001700383090001600400850001200416041000800428700001900436250001900455990001800474INLIS00000000084408120190111034219 a0010-0119000448ta190111 g 0 ind 04223a613 a613 SEN p0 aSeno-Sastroamidjojo1 aPemeriksaan dokter sebelum kawin dan penerangan dalam perkawinan /cSeno-Sastroamidjojo aDjakarta :bBalai pustaka,c1955 a168 halaman :bIlustrasi ;c22 cm aTeks berbahasa Inggris aIndeks 4aPemerikasaan perkawinan aYOPDYOGbind aL 613 SEN p aYOPDYOG0 aind aAnne J. Mathes aSecond edition a62201-PD/A.18